Capítulos de Cardiología (Registro nro. 1162)
[ vista simple ]
| 000 -LEADER | |
|---|---|
| fixed length control field | 00451nas a22001337a 4500 |
| 008 - CAMPO DE CONTROL RECURSOS CONTINUADOS | |
| fixed length control field | 130222t20009999ag ||||| |||| 00| 0 spa d |
| 245 ## - TITULO | |
| Titulo | Capítulos de Cardiología |
| 260 ## - PUBLICACION, DISTRIBUCION, ETC. (PIE DE IMPRENTA) | |
| Lugar de publicación, distribución, etc | Buenos Aires: |
| Nombre de la editorial, distribuidor, etc. | Sociedad Argentina de Cardiología, |
| Fecha de publicación | 2000 |
| 300 ## - DESCRIPCION FISICA | |
| Extensión | v. : |
| 546 ## - NOTA DE IDIOMA | |
| Nota de lenguaje | español |
| 590 ## - NOTAS LOCALES (RLIN) | |
| Nota local | Existencias: 2000 6(11,12) 7(1-3); 2001 7(6-10); 2003 8(3,6,7); 2004 8(8)<br/>BAJA DEPOSITO (CAJA 18) MAYO 2019 |
| 650 ## - MATERIA-TERMINO TEMATICO | |
| Término temático | CARDIOLOGIA |
| 9 (RLIN) | 1893 |
| 942 ## - ADDED ENTRY ELEMENTS (KOHA) | |
| Source of classification or shelving scheme | Dewey Decimal Classification |
| Item type | Continuing Resources |
No hay ítems disponibles.